The Aranda’s Pepa (Record no. 351341)
[ view plain ]
| 000 -LEADER | |
|---|---|
| fixed length control field | 00719nam a2200133Ia 4500 |
| 008 - FIXED-LENGTH DATA ELEMENTS--GENERAL INFORMATION | |
| fixed length control field | 171212s9999 xx 000 0 und d |
| 020 ## - INTERNATIONAL STANDARD BOOK NUMBER | |
| International Standard Book Number | 9781921536762 |
| 100 ## - MAIN ENTRY--PERSONAL NAME | |
| Personal name | Kenny, Anna |
| 245 ## - TITLE STATEMENT | |
| Statement of responsibility, etc | Kenny, Anna |
| Title | The Aranda’s Pepa |
| Remainder of title | An introduction to Carl Strehlow’s Masterpiece Die Aranda- und Loritja-Stämme in Zentral-Australien (1907-1920) |
| 260 ## - PUBLICATION, DISTRIBUTION, ETC. (IMPRINT) | |
| Name of publisher, distributor, etc | ANU E Press |
| Date of publication, distribution, etc | 2013 |
| 650 ## - SUBJECT ADDED ENTRY--TOPICAL TERM | |
| Topical term or geographic name as entry element | Aranda (Australian people) -- Social life and customs; Kukatja (Australian people) -- Social life and customs; Aranda (Australian people) -- Kinship; Kukatja (Australian people) -- Kinship; Aranda (Australian people) -- Religion; Kukatja (Australian peopl |
| 650 ## - SUBJECT ADDED ENTRY--TOPICAL TERM | |
| Topical term or geographic name as entry element | History |
| 856 ## - ELECTRONIC LOCATION AND ACCESS | |
| Uniform Resource Identifier | <a href="http://www.jstor.org/stable/j.ctt5hgz6k">http://www.jstor.org/stable/j.ctt5hgz6k</a> |
| Withdrawn status | Lost status | Damaged status | Home library | Current library | Date acquired | Total Checkouts | Date last seen | Price effective from | Koha item type |
|---|---|---|---|---|---|---|---|---|---|
| College Library | College Library | 12/12/2017 | 12/12/2017 | 12/12/2017 | Curriculum - Based eBooks |